| 000 | 00539nam a2200193Ia 4500 | ||
|---|---|---|---|
| 003 | LDD | ||
| 008 | 181029s9999 xx 000 0 und d | ||
| 020 |
_a8184041209 _c375.00 |
||
| 040 | _cLDD | ||
| 100 | _aCampbell, Marc | ||
| 245 | 0 |
_aDreamweaver 8 Design and Construction _cMarc Campbell |
|
| 260 |
_aNew Delhi _bShroff _c2006 |
||
| 300 | _axiv, 295p. | ||
| 365 | _b375.00 | ||
| 901 |
_a3905 _b29-03-2007 |
||
| 902 |
_a1397 _b07-05-2007 _cF _dBB _e0 |
||
| 903 |
_aDiscount-10 _bReqst by : Moumita Das |
||
| 942 |
_2ddc _cBK |
||
| 999 |
_c78950 _d78950 |
||